Statistics for Top 10 Golden State Warriors Players of All Time

Click here to take the quiz!

General Stats

  • This quiz has been taken 134 times
  • The average score is 7 of 10

Answer Stats

NumberPlayer% Correct
1.Stephen Curry
99%
8.Klay Thompson
95%
3.Wilt Chamberlain
88%
4.Draymond Green
87%
9.Kevin Durant
84%
2.Rick Barry
74%
5.Chris Mullin
64%
7.Nate Thurmond
41%
6.Paul Arizin
23%
10.Mitch Richmond
21%

Score Distribution

Percentile by Number Answered

Percent of People with Each Score

Your Score History

You have not taken this quiz